000 00448nam a2200193Ia 4500
008 170918s9999 xx 000 0 und d
020 _a9780736882248
050 _bS294 1999
100 _aSchaefer, Lola M.
245 _aBrothers /
245 _cLola M. Schaefer.
260 _aMinnesota :
260 _bPebble Books,
260 _c1999
300 _a24 pages :
300 _bcolored illustration ;
300 _c18cm.
500 _aBR
999 _c340931
_d340931